wait till helen comes
| 資料類型: | 圖書 | 書目號: | 48363 |
Leader xxxxxxxxxx 001 __ PCLIS00048363 005 __ 20150511153803.03 010 0_ |a957-|b平裝|dNT$ 020 __ |acw|b82005151 100 __ |a20150511d2015 0chib0109 e 101 0_ |achi 102 __ |acw 105 __ |aa z 000yy 200 1_ |await till helen comes|e|fhahnmary downing|g 205 __ |a初版 210 __ |a|c|d 215 0_ |a面|c圖, 表|d公分 225 1_ |a|v 300 __ |a 681 __ |a|b 700 __ |ahahn|bmary downing|4 702 _1 |a|b|4 801 __ |acw|b本館|c20150511 |